|
|
|
|
| LEADER |
00000nab a2200000 ar4500 |
| 001 |
vtls009286964 |
| 003 |
SK-MaSNL |
| 005 |
20260303060256.0 |
| 008 |
080418c2007 xo wr|p|||||||000 b|slo |
| 038 |
|
|
|a PPPK
|
| 040 |
|
|
|a PPPKCL
|b slo
|c PPPKCL
|e AACR2
|
| 041 |
0 |
|
|a slo
|
| 044 |
|
|
|a xo
|c SK
|
| 080 |
|
|
|a 635.928:711.5
|2 2001
|
| 080 |
|
|
|a 323.234
|2 2001
|
| 245 |
0 |
0 |
|a Na Tomášikovej sa stavať nebude
|c [autor] (mna)
|
| 300 |
|
|
|b Fotogr.
|
| 610 |
1 |
7 |
|a Poprad (Slovensko)
|b Mestské zastupiteľstvo
|x rozhodnutia
|2 pppkcl
|9 1044194
|
| 648 |
|
7 |
|a 2007
|2 pppkcl
|9 313226
|
| 650 |
0 |
7 |
|a sídelná zeleň
|x zástavba
|2 pppkcl
|9 1052802
|
| 650 |
0 |
7 |
|a petície
|2 pppkcl
|9 13945
|
| 651 |
|
7 |
|a Sídlisko Juh (Poprad, Slovensko)
|2 pppkcl
|9 186526
|
| 651 |
|
7 |
|a Poprad (Slovensko)
|2 pppkcl
|9 20155
|
| 773 |
0 |
|
|t Podtatranské noviny
|g Roč. XLVIII, č. 49 (2007), s. 1 a 2
|
| 852 |
|
|
|a PPPK
|b KIS3GCP
|
| 999 |
|
|
|c 1730821
|d 1732751
|